000
00215nam a22000857a 4500
008
161206b xxu||||| |||| 00| 0 eng d
100
_9
1874
_a
Jauhar. M
245
_a
ABC of science
260
_a
New delhi
_b
Holy faith
_c
2006
999
_c
4624
_d
4624